000
00266nam a22001217a 4500
008
181101b xxu||||| |||| 00| 0 eng d
041
_a
eng
080
_a
710
100
_a
45
101
_a
ART
245
_a
Impressionist Still Life
_c
Eliza.r.m
942
_2
udc
_c
BK
999
_c
51563
_d
51563